[Event "World op-B 27th"]
[Site "Philadelphia"]
[Date "1999.07.02"]
[Round "3"]
[White "Martin, John"]
[Black "Hernandez, Hector R"]
[Result "0-1"]
[WhiteElo "1875"]
[BlackElo "1988"]
[PlyCount "56"]
[EventDate "1999.06.27"]
[EventType "swiss"]
[EventRounds "9"]
[EventCountry "USA"]
[SourceTitle "EXT 2000"]
[Source "ChessBase"]
[SourceDate "1999.11.16"]
[SourceVersion "1"]
[SourceVersionDate "1999.11.16"]
[SourceQuality "1"]

1. e4 c5 2. Nc3 Nc6 3. f4 d6 4. Nf3 g6 5. Bc4 Bg7 6. d3 Nf6 7. f5 a6 8. 0-0 b5 9. Bd5 Bb7 10. Ng5 Nxd5 11. Nxd5 Ne5 12. fxg6 hxg6 13. Rxf7 Nxf7 14. Ne6 Bd4+ 15. Kh1 Qa5 16. Bd2 b4 17. Ndc7+ Kd7 18. c3 Be5 19. cxb4 cxb4 20. Rc1 Rxh2+ 21. Kg1 Rh4 22. Qf3 Rah8 23. Qxf7 Qb6+ 24. Kf1 Rh1+ 25. Ke2 Rxc1 26. Bxc1 Qg1 27. Qf1 Qxf1+ 28. Kxf1 Rh1+ 0-1